|
|
|
|
| LEADER |
00000nam2a2200000 4500 |
| 001 |
34994 |
| 005 |
20231101210254.0 |
| 035 |
|
|
|a (RuTPU)RU\TPU\book\35410
|
| 035 |
|
|
|a BOOK00002062
|
| 090 |
|
|
|a 34994
|
| 100 |
|
|
|a 20011210d1978 k y0rusy50 ca
|
| 101 |
1 |
|
|a rus
|c eng
|
| 102 |
|
|
|a RU
|
| 105 |
|
|
|a y z 000zy
|
| 200 |
0 |
|
|a Вып. 2
|
| 210 |
|
|
|d 1978
|
| 215 |
|
|
|a 335 с.
|
| 225 |
1 |
|
|a Математико-статистические методы за рубежом
|
| 461 |
|
1 |
|0 (RuTPU)RU\TPU\book\16175
|t Статистические методы в имитационном моделировании
|o Пер. с англ.
|o В 2 вып.
|f Дж. Клейнен
|v Вып. 2
|d 1978-
|
| 606 |
|
|
|a Эксперимент
|x Автоматизация
|x (математическая статистика)
|2 stltpush
|3 (RuTPU)RU\TPU\subj\26775
|9 50630
|
| 606 |
|
|
|a Имитационное моделирование
|2 stltpush
|3 (RuTPU)RU\TPU\subj\12401
|9 39188
|
| 610 |
1 |
|
|a математическое моделирование
|
| 610 |
1 |
|
|a статистические методы
|
| 675 |
|
|
|a 519.242
|v 3
|
| 675 |
|
|
|a 519.876
|v 3
|
| 801 |
|
0 |
|a RU
|b 63413507
|c 20011210
|g PSBO
|
| 801 |
|
2 |
|a RU
|b 63413507
|c 20140324
|g PSBO
|
| 900 |
|
|
|a Математическое моделирование
|
| 942 |
|
|
|c BK
|